Cheshire, Fifoot and Furmston's law of contract / (Record no. 448)

000 -LEADER
fixed length control field 01428cam a22003974a 4500
001 - CONTROL NUMBER
control field 14701263
003 - CONTROL NUMBER IDENTIFIER
control field OSt
005 - DATE AND TIME OF LATEST TRANSACTION
control field 20140116120828.0
008 - FIXED-LENGTH DATA ELEMENTS--GENERAL INFORMATION
fixed length control field 070117s2007 enk b 001 0 eng
010 ## - LIBRARY OF CONGRESS CONTROL NUMBER
LC control number 2007270099
015 ## - NATIONAL BIBLIOGRAPHY NUMBER
National bibliography number GBA652410
Source bnb
016 7# - NATIONAL BIBLIOGRAPHIC AGENCY CONTROL NUMBER
Record control number 013485619
Source Uk
020 ## - INTERNATIONAL STANDARD BOOK NUMBER
International Standard Book Number 9780199287567
035 ## - SYSTEM CONTROL NUMBER
System control number (OCoLC)ocm70059595
035 ## - SYSTEM CONTROL NUMBER
System control number (OCoLC)70059595
040 ## - CATALOGING SOURCE
Transcribing agency UKM
050 00 - LIBRARY OF CONGRESS CALL NUMBER
Classification number KD1554.C44 2007
100 1# - MAIN ENTRY--PERSONAL NAME
Personal name Furmston, M. P.
245 10 - TITLE STATEMENT
Title Cheshire, Fifoot and Furmston's law of contract /
Statement of responsibility, etc M.P. Furmston ; historical introduction, A.W.B. Simpson.
246 14 - VARYING FORM OF TITLE
Title proper/short title Cheshire, Fifoot & Furmston's law of contract
246 3# - VARYING FORM OF TITLE
Title proper/short title Law of contract
250 ## - EDITION STATEMENT
Edition statement 15th ed.
260 ## - PUBLICATION, DISTRIBUTION, ETC. (IMPRINT)
Place of publication, distribution, etc Oxford :
Name of publisher, distributor, etc Oxford University Press ,
Date of publication, distribution, etc 2007.
300 ## - PHYSICAL DESCRIPTION
Extent li, 828 p.
500 ## - GENERAL NOTE
General note Previous ed. cataloged with Cheshire as main entry.
504 ## - BIBLIOGRAPHY, ETC. NOTE
Bibliography, etc Includes bibliographical references and index.
650 #0 - SUBJECT ADDED ENTRY--TOPICAL TERM
Topical term or geographic name as entry element Contracts
Geographic subdivision Great Britain.
650 #0 - SUBJECT ADDED ENTRY--TOPICAL TERM
Topical term or geographic name as entry element Contracts
Geographic subdivision England.
650 #0 - SUBJECT ADDED ENTRY--TOPICAL TERM
Topical term or geographic name as entry element Contracts
Geographic subdivision Wales.
700 1# - ADDED ENTRY--PERSONAL NAME
Personal name Cheshire, G. C.
Fuller form of name (Geoffrey Chevalier)
700 1# - ADDED ENTRY--PERSONAL NAME
Personal name Fifoot, C. H. S.
Fuller form of name (Cecil Herbert Stuart)
856 42 - ELECTRONIC LOCATION AND ACCESS
Materials specified Publisher description
Uniform Resource Identifier <a href="http://www.loc.gov/catdir/enhancements/fy0722/2007270099-d.html">http://www.loc.gov/catdir/enhancements/fy0722/2007270099-d.html</a>
856 42 - ELECTRONIC LOCATION AND ACCESS
Materials specified Contributor biographical information
Uniform Resource Identifier <a href="http://www.loc.gov/catdir/enhancements/fy0722/2007270099-b.html">http://www.loc.gov/catdir/enhancements/fy0722/2007270099-b.html</a>
906 ## - LOCAL DATA ELEMENT F, LDF (RLIN)
a 7
b cbc
c copycat
d 2
e ncip
f 20
g y-gencatlg
942 ## - ADDED ENTRY ELEMENTS (KOHA)
Source of classification or shelving scheme
Koha item type Book
Holdings
Withdrawn status Lost status Source of classification or shelving scheme Damaged status Not for loan Home library Current library Date acquired Source of acquisition Total Checkouts Total Renewals Full call number Barcode Date last seen Date checked out Copy number Price effective from Koha item type Shelving location
          Riara University Library Riara University Library 20/10/2011 Purchase 34 4 KD1554.C44 2007 415/11 03/04/2025 03/04/2025 C.1 20/10/2011 Book  
          Riara University Library Riara University Library 20/10/2011 Purchase 85 2 KD1554.C44 2007 416/11 28/08/2019 22/08/2019 C.2 20/10/2011 Book on Shortloan Short Loan

Riara University Library,
P.O. Box 49940-00100,
Nairobi, Kenya.